[Event "BL 2018-19"]
[Site "Berlin"]
[Date "2019.03.01"]
[Round "9.1"]
[White "Almasi, Zoltan"]
[Black "Piorun, Kacper"]
[Result "1/2-1/2"]
[WhiteElo "2682"]
[BlackElo "2634"]
[Annotator "ChessBase"]
[PlyCount "84"]
[EventDate "2018.11.10"]
[EventType "team-tourn"]
[EventCountry "GER"]
[SourceTitle "playchess.com"]
[Source "ChessBase"]
[SourceQuality "1"]
[WhiteTeam "Dresden"]
[BlackTeam "SF Berlin"]
[TimeControl "40/6000+30:3000+30"]

1. Nf3 {[%emt 0:00:00]} Nf6 {[%emt 0:00:00]} 2. c4 {[%emt 0:00:00]} c5 {[%emt 0:00:00]} 3. Nc3 {[%emt 0:00:22]} Nc6 {[%emt 0:00:06]} 4. g3 {[%emt 0:00:31]} d5 {[%emt 0:00:55]} 5. cxd5 {[%emt 0:00:21]} Nxd5 {[%emt 0:00:06]} 6. Bg2 {[%emt 0:00:10]} g6 {[%emt 0:00:07]} 7. Qb3 {[%emt 0:12:18]} e6 {[%emt 0:07:49]} 8. O-O {[%emt 0:14:27]} Bg7 {[%emt 0:05:16]} 9. Qb5 {[%emt 0:00:14]} Qb6 {[%emt 0:04:51]} 10. Qc4 {[%emt 0:00:42]} O-O {[%emt 0:05:54]} 11. d3 {[%emt 0:02:08]} Nxc3 {[%emt 0:20:46]} 12. bxc3 {[%emt 0:01:12]} Na5 {[%emt 0:05:57]} 13. Qh4 {[%emt 0:05:39]} Bd7 {[%emt 0:11:18]} 14. Bf4 {[%emt 0:25:53]} f6 {[%emt 0:09:08]} 15. Rab1 {[%emt 0:00:06]} Qa6 {[%emt 0:00:20]} 16. Bh6 {[%emt 0:01:30]} Bxh6 {[%emt 0:01:23]} 17. Qxh6 {[%emt 0:00:06]} Qd6 {[%emt 0:05:09]} 18. d4 {[%emt 0:07:55]} Bc6 {[%emt 0:05:10]} 19. Rfd1 {[%emt 0:00:35]} Rad8 {[%emt 0:02:03]} 20. h4 {[%emt 0:05:35]} Qe7 {[%emt 0:06:39]} 21. Qf4 {[%emt 0:13:18]} cxd4 {[%emt 0:05:02]} 22. cxd4 {[%emt 0:00:18]} Nc4 {[%emt 0:00:38]} 23. Nd2 {[%emt 0:03:31]} Nxd2 {[%emt 0:05:22]} 24. Rxd2 {[%emt 0:00:04]} Bxg2 {[%emt 0:02:19]} 25. Kxg2 {[%emt 0:00:04]} Rf7 {[%emt 0:00:52]} 26. Qf3 {[%emt 0:07:26]} Qd7 {[%emt 0:01:27]} 27. Rc1 {[%emt 0:00:59]} Qd5 {[%emt 0:00:53]} 28. e4 {[%emt 0:00:32]} Qa5 {[%emt 0:00:16]} 29. Qe3 {[%emt 0:03:42]} Qb6 {[%emt 0:02:47]} 30. Rc5 {[%emt 0:01:09]} Rc7 {[%emt 0:01:20]} 31. Rxc7 {[%emt 0:03:14]} Qxc7 {[%emt 0:00:01]} 32. d5 {[%emt 0:01:04]} exd5 {[%emt 0:01:04]} 33. exd5 {[%emt 0:00:01]} b6 {[%emt 0:00:14]} 34. Qe6+ {[%emt 0:01:15]} Kg7 {[%emt 0:00:08]} 35. d6 {[%emt 0:00:30]} Qc6+ {[%emt 0:00:05]} 36. f3 {[%emt 0:00:21]} Re8 {[%emt 0:00:38]} 37. Qg4 {[%emt 0:00:12]} Qb5 {[%emt 0:01:21]} 38. Qd4 {[%emt 0:01:02]} Re2+ {[%emt 0:00:41]} 39. Rxe2 {[%emt 0:00:21]} Qxe2+ {[%emt 0:00:07]} 40. Kg1 {[%emt 0:00:11]} Qe1+ {[%emt 0:00:15]} 41. Kh2 {[%emt 0:50:42]} Qe2+ {[%emt 0:50:10]} 42. Kg1 {[%emt 0:00:00]} Qe1+ {[%emt 0:00:00]} 1/2-1/2

[Event "BL 2018-19"]
[Site "Berlin"]
[Date "2019.03.01"]
[Round "9.1"]
[White "Leko, Peter"]
[Black "Caruana, Fabiano"]
[Result "1-0"]
[WhiteElo "2679"]
[BlackElo "2828"]
[Annotator "ChessBase"]
[PlyCount "121"]
[EventDate "2018.11.10"]
[EventType "team-tourn"]
[EventCountry "GER"]
[SourceTitle "playchess.com"]
[Source "ChessBase"]
[SourceQuality "1"]
[WhiteTeam "SF Deizisau"]
[BlackTeam "Baden-Baden"]
[TimeControl "40/6000+30:3000+30"]

1. d4 {[%emt 0:00:00]} Nf6 {[%emt 0:00:00]} 2. c4 {[%emt 0:00:00]} e6 {[%emt 0:00:00]} 3. Nf3 {[%emt 0:00:00]} d5 {[%emt 0:00:00]} 4. Nc3 {[%emt 0:00:05]} a6 {[%emt 0:00:13]} 5. cxd5 {[%emt 0:00:31]} exd5 {[%emt 0:00:07]} 6. Bg5 {[%emt 0:00:08]} Be6 {[%emt 0:00:13]} 7. e3 {[%emt 0:00:16]} Nbd7 {[%emt 0:00:12]} 8. Bd3 {[%emt 0:01:22]} h6 {[%emt 0:00:12]} 9. Bf4 {[%emt 0:07:59]} g5 {[%emt 0:00:12]} 10. Bg3 {[%emt 0:01:46]} Nh5 {[%emt 0:00:13]} 11. Be5 {[%emt 0:08:35]} Nhf6 {[%emt 0:00:50]} 12. Bg3 {[%emt 0:05:25]} Nh5 {[%emt 0:00:47]} 13. Ne2 {[%emt 0:12:41]} Nxg3 {[%emt 0:12:45]} 14. Nxg3 {[%emt 0:01:36]} g4 {[%emt 0:00:35]} 15. Nd2 {[%emt 0:06:27]} h5 {[%emt 0:01:26]} 16. Qc2 {[%emt 0:10:30]} c5 {[%emt 0:18:25]} 17. dxc5 {[%emt 0:07:48]} Nxc5 {[%emt 0:01:43]} 18. O-O {[%emt 0:12:09]} Qf6 {[%emt 0:06:47]} 19. Nb3 {[%emt 0:00:55]} Nxd3 {[%emt 0:15:58]} 20. Qxd3 {[%emt 0:00:05]} h4 {[%emt 0:05:05]} 21. Ne2 {[%emt 0:00:09]} Bd6 {[%emt 0:00:00]} 22. Nbd4 {[%emt 0:01:26]} Rc8 {[%emt 0:09:15]} 23. Rad1 {[%emt 0:06:24]} Rc7 {[%emt 0:09:39]} 24. Qd2 {[%emt 0:09:23]} Qe5 {[%emt 0:13:35]} 25. f4 {[%emt 0:04:01]} gxf3 {[%emt 0:00:50]} 26. Nxf3 {[%emt 0:00:07]} Qf5 {[%emt 0:03:02]} 27. Nfd4 {[%emt 0:04:32]} Qe5 {[%emt 0:05:23]} 28. Nf4 {[%emt 0:01:14]} Qe4 {[%emt 0:00:59]} 29. Rf2 {[%emt 0:02:18]} h3 {[%emt 0:00:51]} 30. g3 {[%emt 0:01:02]} Kd7 {[%emt 0:02:17]} 31. Nf3 {[%emt 0:02:33]} Bxf4 {[%emt 0:00:54]} 32. exf4 {[%emt 0:00:10]} Kc8 {[%emt 0:00:47]} 33. Re1 {[%emt 0:00:43]} Qf5 {[%emt 0:01:01]} 34. Qd4 {[%emt 0:01:40]} Rd8 {[%emt 0:01:53]} 35. Qa7 {[%emt 0:00:07]} d4 {[%emt 0:00:47]} 36. Nxd4 {[%emt 0:01:16]} Qd5 {[%emt 0:00:14]} 37. Nxe6 {[%emt 0:02:25]} fxe6 {[%emt 0:00:04]} 38. a3 {[%emt 0:00:28]} Rc6 {[%emt 0:00:41]} 39. Rfe2 {[%emt 0:00:28]} Qb3 {[%emt 0:00:55]} 40. Qf2 {[%emt 0:00:43]} Rd3 {[%emt 0:00:30]} 41. Qf1 {[%emt 0:07:23]} Qb6+ {[%emt 0:09:22]} 42. Kh1 {[%emt 0:03:42]} Qd4 {[%emt 0:00:36]} 43. Qxh3 {[%emt 0:05:36]} Rd2 {[%emt 0:13:37]} 44. Qg4 {[%emt 0:19:11]} Qd5+ {[%emt 0:12:46]} 45. Kg1 {[%emt 0:00:10]} Qd4+ {[%emt 0:02:12]} 46. Kf1 {[%emt 0:03:18]} Qd3 {[%emt 0:01:35]} 47. Qg8+ {[%emt 0:03:49]} Kc7 {[%emt 0:01:06]} 48. Qg7+ {[%emt 0:00:09]} Kb6 {[%emt 0:04:14]} 49. Qe5 {[%emt 0:00:53]} Rcc2 {[%emt 0:00:44]} 50. Kf2 {[%emt 0:02:23]} Rxb2 {[%emt 0:01:40]} 51. Qxb2+ {[%emt 0:03:05]} Rxb2 {[%emt 0:00:05]} 52. Rxb2+ {[%emt 0:00:05]} Ka5 {[%emt 0:00:36]} 53. Re3 {[%emt 0:00:08]} Qd4 {[%emt 0:01:55]} 54. Rbe2 {[%emt 0:00:14]} Ka4 {[%emt 0:00:16]} 55. Kg2 {[%emt 0:01:29]} Qd5+ {[%emt 0:00:14]} 56. Rf3 {[%emt 0:00:12]} b5 {[%emt 0:00:14]} 57. g4 {[%emt 0:00:31]} a5 {[%emt 0:00:15]} 58. Re5 {[%emt 0:01:43]} Qd1 {[%emt 0:02:08]} 59. Rxe6 {[%emt 0:02:18]} b4 {[%emt 0:00:09]} 60. axb4 {[%emt 0:00:17]} axb4 {[%emt 0:00:06]} 61. Ree3 {[%emt 0:00:21]} 1-0

[Event "BL 2018-19"]
[Site "Berlin"]
[Date "2019.03.01"]
[Round "9.2"]
[White "Vachier-Lagrave, Maxime"]
[Black "Kamsky, Gata"]
[Result "0-1"]
[WhiteElo "2775"]
[BlackElo "2666"]
[Annotator "ChessBase"]
[PlyCount "88"]
[EventDate "2018.11.10"]
[EventType "team-tourn"]
[EventCountry "GER"]
[SourceTitle "playchess.com"]
[Source "ChessBase"]
[SourceQuality "1"]
[WhiteTeam "Baden-Baden"]
[BlackTeam "SF Deizisau"]
[TimeControl "40/6000+30:3000+30"]

1. e4 {[%emt 0:00:00]} c5 {[%emt 0:02:05]} 2. Nf3 {[%emt 0:00:00]} Nc6 {[%emt 0:00:16]} 3. Nc3 {[%emt 0:00:00]} e6 {[%emt 0:06:32]} 4. d4 {[%emt 0:00:00]} cxd4 {[%emt 0:00:06]} 5. Nxd4 {[%emt 0:00:00]} a6 {[%emt 0:00:04]} 6. Be3 {[%emt 0:03:56]} Nf6 {[%emt 0:03:07]} 7. Bd3 {[%emt 0:04:10]} Qc7 {[%emt 0:08:12]} 8. O-O {[%emt 0:00:29]} h5 {[%emt 0:03:42]} 9. h3 {[%emt 0:03:59]} b5 {[%emt 0:02:45]} 10. Qd2 {[%emt 0:14:48]} Bb7 {[%emt 0:01:16]} 11. Rae1 {[%emt 0:00:39]} Ne5 {[%emt 0:06:26]} 12. f4 {[%emt 0:00:57]} Nc4 {[%emt 0:00:50]} 13. Bxc4 {[%emt 0:05:08]} Qxc4 {[%emt 0:00:06]} 14. e5 {[%emt 0:01:09]} Ne4 {[%emt 0:17:58]} 15. Nxe4 {[%emt 0:00:51]} Bxe4 {[%emt 0:00:05]} 16. b3 {[%emt 0:14:24]} Qd5 {[%emt 0:10:39]} 17. Rd1 {[%emt 0:04:07]} Rc8 {[%emt 0:13:10]} 18. Qf2 {[%emt 0:09:12]} Qb7 {[%emt 0:03:02]} 19. Rd2 {[%emt 0:17:57]} Bb4 {[%emt 0:04:01]} 20. Re2 {[%emt 0:00:03]} f5 {[%emt 0:01:57]} 21. exf6 {[%emt 0:03:37]} gxf6 {[%emt 0:00:06]} 22. f5 {[%emt 0:00:04]} e5 {[%emt 0:03:24]} 23. Qg3 {[%emt 0:05:22]} d5 {[%emt 0:07:31]} 24. Ne6 {[%emt 0:03:21]} Qf7 {[%emt 0:00:18]} 25. Bd2 {[%emt 0:02:55]} Rg8 {[%emt 0:01:26]} 26. Qe3 {[%emt 0:00:21]} Rxc2 {[%emt 0:04:50]} 27. Qb6 {[%emt 0:01:08]} Qd7 {[%emt 0:00:10]} 28. Nc7+ {[%emt 0:01:06]} Rxc7 {[%emt 0:02:05]} 29. Bxb4 {[%emt 0:00:08]} Qc6 {[%emt 0:00:28]} 30. Qe3 {[%emt 0:02:18]} a5 {[%emt 0:03:12]} 31. Bxa5 {[%emt 0:01:08]} Qc5 {[%emt 0:00:08]} 32. Qxc5 {[%emt 0:00:32]} Rxc5 {[%emt 0:00:04]} 33. Bb4 {[%emt 0:02:10]} Rc6 {[%emt 0:00:56]} 34. Rb2 {[%emt 0:00:56]} Kf7 {[%emt 0:02:07]} 35. a4 {[%emt 0:00:47]} bxa4 {[%emt 0:00:25]} 36. bxa4 {[%emt 0:00:06]} d4 {[%emt 0:00:54]} 37. a5 {[%emt 0:00:33]} d3 {[%emt 0:00:42]} 38. Rff2 {[%emt 0:02:05]} Rc1+ {[%emt 0:00:24]} 39. Kh2 {[%emt 0:00:05]} Rc2 {[%emt 0:00:24]} 40. a6 {[%emt 0:00:49]} Ra8 {[%emt 0:00:53]} 41. g4 {[%emt 0:51:07]} h4 {[%emt 0:50:59]} 42. Be1 {[%emt 0:01:02]} Rxa6 {[%emt 0:00:19]} 43. Rd2 {[%emt 0:00:07]} Ra1 {[%emt 0:00:31]} 44. Bxh4 {[%emt 0:00:17]} Rd1 {[%emt 0:00:09]} 0-1

[Event "BL 2018-19"]
[Site "Berlin"]
[Date "2019.03.01"]
[Round "9.2"]
[White "Vocaturo, Daniele"]
[Black "Nisipeanu, Liviu-Dieter"]
[Result "1/2-1/2"]
[WhiteElo "2630"]
[BlackElo "2674"]
[Annotator "ChessBase"]
[PlyCount "56"]
[EventDate "2018.11.10"]
[EventType "team-tourn"]
[EventCountry "GER"]
[SourceTitle "playchess.com"]
[Source "ChessBase"]
[SourceQuality "1"]
[WhiteTeam "SF Berlin"]
[BlackTeam "Dresden"]
[TimeControl "40/6000+30:3000+30"]

1. e4 {[%emt 0:00:00]} e6 {[%emt 0:00:00]} 2. d4 {[%emt 0:00:09]} d5 {[%emt 0:00:02]} 3. Nc3 {[%emt 0:00:27]} Nf6 4. Bg5 dxe4 {[%emt 0:01:13]} 5. Nxe4 {[%emt 0:00:53]} Nbd7 {[%emt 0:00:00]} 6. Nf3 {[%emt 0:04:56]} h6 {[%emt 0:00:00]} 7. Nxf6+ {[%emt 0:00:30]} Nxf6 {[%emt 0:00:22]} 8. Be3 {[%emt 0:01:57]} Bd6 {[%emt 0:09:10]} 9. Bd3 O-O {[%emt 0:00:13]} 10. Qe2 {[%emt 0:05:34]} b6 {[%emt 0:00:46]} 11. O-O-O {[%emt 0:07:38]} Bb7 {[%emt 0:14:20]} 12. Ne5 {[%emt 0:05:05]} Nd5 {[%emt 0:09:48]} 13. Bd2 {[%emt 0:08:21]} Qh4 {[%emt 0:05:22]} 14. Nf3 {[%emt 0:04:59]} Qf6 {[%emt 0:03:29]} 15. Qe4 Qf5 16. Qh4 {[%emt 0:04:47]} Qf6 {[%emt 0:01:40]} 17. Qe4 Qf5 {[%emt 0:00:00]} 18. Qxf5 {[%emt 0:10:14]} exf5 {[%emt 0:04:23]} 19. Bxf5 Nf4 20. Bxf4 {[%emt 0:05:26]} Bxf4+ {[%emt 0:00:36]} 21. Kb1 {[%emt 0:00:19]} g6 {[%emt 0:10:41]} 22. Bd3 {[%emt 0:03:49]} Rad8 {[%emt 0:02:20]} 23. c3 {[%emt 0:01:28]} c5 {[%emt 0:01:32]} 24. dxc5 {[%emt 0:03:55]} bxc5 {[%emt 0:07:19]} 25. b3 {[%emt 0:15:55]} Rd6 {[%emt 0:06:20]} 26. Be2 Rfd8 {[%emt 0:00:06]} 27. Rxd6 {[%emt 0:04:19]} Rxd6 {[%emt 0:04:02]} 28. Rd1 Rxd1+ 1/2-1/2

[Event "BL 2018-19"]
[Site "Berlin"]
[Date "2019.03.01"]
[Round "9.3"]
[White "Vogel, Roven"]
[Black "Moranda, Wojciech"]
[Result "1/2-1/2"]
[WhiteElo "2462"]
[BlackElo "2599"]
[Annotator "TA"]
[PlyCount "95"]
[EventDate "2018.11.10"]
[EventType "team-tourn"]
[EventCountry "GER"]
[SourceTitle "playchess.com"]
[Source "ChessBase"]
[SourceQuality "1"]
[WhiteTeam "Dresden"]
[BlackTeam "SF Berlin"]

{[%evp 17,95,33,12,0,20,-7,-7,-12,-14,-12,15,0,27,-8,-25,-66,-23,-31,-8,-11,-16,-27,0,0,0,-18,55,15,3,11,50,18,22,26,91,99,114,73,130,121,139,135,154,148,157,123,125,114,120,131,129,130,105,16,16,16,16,16,16,14,24,35,24,4,471,460,406,419,364,40,40,40,40,40,47,47,48,48,50,8]} 1. d4 Nf6 2. Nf3 g6 3. Nbd2 Bg7 4. e4 d6 5. Bd3 O-O 6. O-O Nc6 7. c3 e5 8. dxe5 dxe5 9. Nc4 Nh5 10. Bg5 {B07: Pirc Defence: Miscellaneous Systems} (10. Re1 Nf4 11. Bxf4 exf4 12. e5 Be6 13. Qe2 Qe7 14. Be4 Qc5 15. Ncd2 Nxe5 16. Bxb7 Rab8 17. Nxe5 Rxb7 {0-1 (62) Bruzon Batista,L (2677)-Bareev,E (2675) Khanty-Mansiysk 2005}) 10... Qe8 11. Ne3 f6 12. Bc4+ $146 {The position is equal.} ({Predecessor:} 12. Bh4 Be6 13. Bc4 Bxc4 14. Nxc4 Qf7 15. Qb3 Rad8 16. Rfd1 Nf4 17. Nfd2 Rb8 {½-½ (43) Berkovich,D (2380)-Shchekachev,A (2355) Moscow 1991}) 12... Kh8 13. Bh4 Nd8 14. a4 Ne6 15. Bg3 Bd7 16. Bd5 Nhf4 17. b4 Nxd5 18. exd5 Nd8 19. Re1 Nf7 20. Nd2 c6 21. dxc6 bxc6 (21... Bxc6 $11 22. b5 Bd7) 22. Nb3 Rd8 23. Qc2 Bc8 24. Nc5 f5 {White must now prevent ...f4.} 25. Nc4 {[%cal Be3c4,Bc4a5,Ba5b7,Bb7d6][%mdl 32]} e4 (25... g5 $11 {keeps the balance.}) 26. f3 $1 $16 {[%cal Rf3e4]} Be6 27. Na5 g5 (27... Ne5 $142) 28. Nab7 Ra8 29. Nd6 Nxd6 30. Bxd6 Rf7 31. fxe4 f4 32. Rad1 f3 33. gxf3 Rxf3 34. Rd3 g4 35. Bg3 ({White should try} 35. Nxe6 $16 Qxe6 36. e5) 35... Bc4 $11 36. Rxf3 gxf3 37. e5 $36 {[%mdl 2048] White is more active.} Qh5 38. Qf2 Be2 39. Ne6 {Nf4 is the strong threat.} Bxe5 40. Nd4 {[%cal Rd4e2]} Bxd4 $4 {[%mdl 8192]} (40... Rg8 $11) 41. Qxd4+ $18 Kg8 42. Kf2 $1 {Strongly threatening Rg1.} Qd5 {[#]} 43. Be5 $2 (43. Qg4+ $1 $18 Kf7 {[#]} 44. Bb8 $1 {[%mdl 512]}) 43... Qxd4+ $14 {White is slightly better.} 44. Bxd4 a5 45. Ra1 Kf7 46. Bb6 axb4 47. cxb4 Rg8 48. Rg1 {Accuracy: White = 44%, Black = 41%.} 1/2-1/2

[Event "BL 2018-19"]
[Site "Berlin"]
[Date "2019.03.01"]
[Round "9.4"]
[White "Aronian, Levon"]
[Black "Meier, Georg"]
[Result "1-0"]
[WhiteElo "2761"]
[BlackElo "2622"]
[Annotator "TA"]
[PlyCount "47"]
[EventDate "2018.11.10"]
[EventType "team-tourn"]
[EventCountry "GER"]
[SourceTitle "playchess.com"]
[Source "ChessBase"]
[SourceQuality "1"]
[WhiteTeam "Baden-Baden"]
[BlackTeam "SF Deizisau"]

{[%evp 13,47,19,23,17,50,51,96,19,17,9,18,0,14,0,8,10,55,60,50,61,143,143,147,159,285,292,754,754,744,708,704,696,688,635,608,606]} 1. e4 e6 2. d4 d5 3. Nc3 dxe4 4. Nxe4 Nd7 5. Nf3 Ngf6 6. Nxf6+ Nxf6 7. c3 c5 8. Bf4 {C10: French with 3 Nc3: Unusual Black 3rd moves and 3...dxe4} (8. Ne5 a6 9. Be3 cxd4 10. Bxd4 Qc7 11. Bd3 Bc5 12. Qa4+ Nd7 13. Bxc5 Qxc5 14. Nf3 b5 15. Qh4 Bb7 16. O-O-O {½-½ (34) Vachier Lagrave,M (2780)-Meier,G (2623) chess.com INT 2019}) 8... a6 9. Be2 Bd6 $146 ({Predecessor:} 9... cxd4 10. Qxd4 Qxd4 11. Nxd4 Bd7 12. Bf3 O-O-O 13. O-O-O Bc5 14. Bg3 Bb6 {½-½ (65) Eliseev,A (2421)-Maslak,K (2548) Peterhof 2007}) 10. Ne5 (10. dxc5 $1 $16 Bxf4 11. Qa4+ {[%mdl 64] Double Attack} Bd7 12. Qxf4) 10... Qc7 $11 11. Bf3 Nd7 12. O-O Nxe5 13. dxe5 Bxe5 14. Qa4+ b5 (14... Bd7 $5 {[%cal Rd7a4]} 15. Bxe5 Qxe5 $14) 15. Bxe5 Qxe5 16. Qa5 Ra7 ({Black should play} 16... Rb8 $14) 17. Bc6+ $16 {[%mdl 1024] White has strong compensation.} Ke7 {[#]} 18. Qb6 $1 $36 {[%cal Rb6a7][%mdl 2048] White is on the roll.} Rc7 {[#]} (18... Qc7 $16 {is a better defense.} 19. Qxc5+ Kf6) 19. Rad1 $1 $18 Rd8 $2 (19... Bb7) 20. f4 {White is clearly winning.} Qe3+ 21. Kh1 Rdd7 22. Bxd7 Rxd7 23. Rxd7+ Bxd7 24. Rd1 {Accuracy: White = 49%, Black = 27%.} 1-0

[Event "BL 2018-19"]
[Site "Berlin"]
[Date "2019.03.01"]
[Round "9.4"]
[White "Tomczak, Jacek"]
[Black "Neef, Maximilian"]
[Result "1/2-1/2"]
[WhiteElo "2633"]
[BlackElo "2479"]
[Annotator "ChessBase"]
[PlyCount "50"]
[EventDate "2018.11.10"]
[EventType "team-tourn"]
[EventCountry "GER"]
[SourceTitle "playchess.com"]
[Source "ChessBase"]
[SourceQuality "1"]
[WhiteTeam "SF Berlin"]
[BlackTeam "Dresden"]
[TimeControl "40/6000+30:3000+30"]

1. e4 e6 2. d4 d5 3. Nc3 Nf6 4. Bg5 dxe4 5. Nxe4 Be7 6. Bxf6 Bxf6 7. Nf3 O-O {[%emt 0:00:55]} 8. Nxf6+ {[%emt 0:26:31]} Qxf6 {[%emt 0:00:14]} 9. Qd3 {[%emt 0:00:06]} Nd7 {[%emt 0:16:01]} 10. Qe4 {[%emt 0:14:11]} Qg6 {[%emt 0:03:04]} 11. Qxg6 {[%emt 0:12:36]} hxg6 {[%emt 0:00:10]} 12. h4 {[%emt 0:00:19]} Nf6 {[%emt 0:08:21]} 13. Ne5 {[%emt 0:06:33]} Rd8 {[%emt 0:06:20]} 14. Rd1 {[%emt 0:01:20]} b6 {[%emt 0:02:20]} 15. Nc6 {[%emt 0:05:20]} Rd7 {[%emt 0:16:52]} 16. Be2 {[%emt 0:01:46]} Bb7 {[%emt 0:02:57]} 17. Bf3 {[%emt 0:00:32]} Kh7 {[%emt 0:00:33]} 18. Rh3 {[%emt 0:02:15]} Rd6 {[%emt 0:05:38]} 19. Ne5 {[%emt 0:01:02]} Bxf3 {[%emt 0:00:21]} 20. Rxf3 {[%emt 0:00:19]} Kg8 {[%emt 0:00:15]} 21. Rc3 {[%emt 0:28:51]} Nd5 {[%emt 0:09:17]} 22. Rf3 {[%emt 0:00:07]} Rf8 {[%emt 0:02:45]} 23. a3 {[%emt 0:01:29]} Ne7 {[%emt 0:01:25]} 24. Rc3 {[%emt 0:01:52]} Rc8 {[%emt 0:02:08]} 25. g3 {[%emt 0:00:45]} Rd5 {[%emt 0:09:14]} 1/2-1/2

[Event "BL 2018-19"]
[Site "Berlin"]
[Date "2019.03.01"]
[Round "9.5"]
[White "Nielsen, Peter Heine"]
[Black "Svidler, Peter"]
[Result "1/2-1/2"]
[WhiteElo "2635"]
[BlackElo "2736"]
[Annotator "TA"]
[PlyCount "40"]
[EventDate "2018.11.10"]
[EventType "team-tourn"]
[EventCountry "GER"]
[SourceTitle "playchess.com"]
[Source "ChessBase"]
[SourceQuality "1"]
[WhiteTeam "SF Deizisau"]
[BlackTeam "Baden-Baden"]

{[%evp 18,40,11,17,23,8,8,9,6,13,8,7,8,8,3,4,7,0,4,6,7,5,4,4,2]} 1. d4 Nf6 2. c4 g6 3. Nf3 Bg7 4. g3 c6 5. Bg2 d5 6. cxd5 cxd5 7. Ne5 O-O 8. Nc3 Bf5 9. O-O Ne4 10. Bf4 Nc6 {D79: Fianchetto Grünfeld: Symmetrical Variation (6 0-0 c6 7 cxd5 cxd5)} (10... Nxc3 11. bxc3 Nc6 12. Qb3 e6 13. Qxb7 Nxe5 14. Bxe5 Bxe5 15. dxe5 Qa5 16. Qb4 Qxb4 17. cxb4 Rfb8 18. a3 {½-½ (44) Howell,D (2696)-Jones,G (2682) London 2018}) 11. Rc1 (11. Nxc6 {is interesting.} bxc6 12. Na4 f6 13. Rc1 Rc8 14. g4) 11... Nxc3 {The position is equal.} 12. Rxc3 Qb6 13. Bxd5 {[%cal Re5c6]} Qxb2 14. Nxc6 bxc6 15. Rxc6 Rad8 $1 {[%cal Rd8d5]} 16. Qb3 Bxd4 $146 ({Predecessor:} 16... Qxe2 17. Bf3 Qd3 18. d5 Qxb3 19. axb3 {½-½ (46) Rendboe,J (2183)-Mendonca,L (1964) Barcelona 2016}) 17. Bh6 Qxb3 18. Bxb3 Rfe8 19. Rd1 Bb6 20. Rxd8 Rxd8 1/2-1/2

[Event "BL 2018-19"]
[Site "Berlin"]
[Date "2019.03.01"]
[Round "9.5"]
[White "Boensch, Uwe"]
[Black "Kraemer, Martin"]
[Result "0-1"]
[WhiteElo "2553"]
[BlackElo "2582"]
[Annotator "ChessBase"]
[PlyCount "82"]
[EventDate "2018.11.10"]
[EventType "team-tourn"]
[EventCountry "GER"]
[SourceTitle "playchess.com"]
[Source "ChessBase"]
[SourceQuality "1"]
[WhiteTeam "Dresden"]
[BlackTeam "SF Berlin"]
[TimeControl "40/6000+30:3000+30"]

1. Nf3 {[%emt 0:00:00]} Nf6 {[%emt 0:00:00]} 2. c4 e6 3. Nc3 {[%emt 0:01:14]} d5 {[%emt 0:00:45]} 4. d4 dxc4 {[%emt 0:03:44]} 5. e4 {[%emt 0:03:27]} Bb4 6. Bxc4 {[%emt 0:03:22]} Nxe4 {[%emt 0:01:18]} 7. O-O {[%emt 0:00:20]} Nxc3 {[%emt 0:00:03]} 8. bxc3 {[%emt 0:00:07]} Be7 {[%emt 0:00:00]} 9. Re1 {[%emt 0:05:48]} O-O {[%emt 0:15:08]} 10. Bf4 {[%emt 0:17:46]} Nc6 {[%emt 0:10:03]} 11. h4 Bd6 {[%emt 0:14:04]} 12. Bd2 {[%emt 0:13:36]} Re8 13. a4 {[%emt 0:12:56]} h6 {[%emt 0:05:58]} 14. a5 {[%emt 0:06:19]} Bd7 {[%emt 0:05:07]} 15. Bd3 {[%emt 0:20:02]} e5 {[%emt 0:13:44]} 16. d5 {[%emt 0:01:43]} Nb8 {[%emt 0:02:00]} 17. Qb1 {[%emt 0:15:00]} Na6 {[%emt 0:01:42]} 18. c4 {[%emt 0:02:23]} Nc5 {[%emt 0:00:36]} 19. Bh7+ {[%emt 0:00:22]} Kh8 {[%emt 0:00:21]} 20. Bc3 {[%emt 0:00:20]} Qf6 21. Bc2 {[%emt 0:00:52]} Bg4 {[%emt 0:04:30]} 22. Re3 Bxf3 {[%emt 0:04:15]} 23. Rxf3 {[%emt 0:00:31]} Qxh4 {[%emt 0:00:07]} 24. Qf1 {[%emt 0:01:29]} e4 {[%emt 0:01:53]} 25. Rh3 {[%emt 0:00:11]} Qg5 26. Rd1 {[%emt 0:03:20]} f5 {[%emt 0:01:46]} 27. Qe2 Be5 {[%emt 0:01:38]} 28. Bb4 {[%emt 0:02:06]} b6 {[%emt 0:00:18]} 29. Bxc5 {[%emt 0:00:32]} bxc5 {[%emt 0:00:04]} 30. Ba4 {[%emt 0:00:08]} Re7 {[%emt 0:00:48]} 31. Qe3 Qxe3 {[%emt 0:03:48]} 32. fxe3 {[%emt 0:00:27]} Rb8 {[%emt 0:00:01]} 33. Bb5 {[%emt 0:00:51]} Kh7 {[%emt 0:05:21]} 34. a6 {[%emt 0:00:23]} g5 {[%emt 0:01:43]} 35. Kf2 {[%emt 0:00:47]} f4 {[%emt 0:03:20]} 36. Rdh1 {[%emt 0:00:02]} Rb6 {[%emt 0:00:11]} 37. Rh5 {[%emt 0:00:14]} Rf6 {[%emt 0:02:59]} 38. Ke2 {[%emt 0:01:45]} fxe3 {[%emt 0:00:12]} 39. Rf1 {[%emt 0:00:35]} Rxf1 {[%emt 0:00:20]} 40. Kxf1 {[%emt 0:00:02]} Rf7+ {[%emt 0:00:04]} 41. Ke2 {[%emt 0:01:06]} Bd4 {[%emt 0:00:00]} 0-1